Organization theory

This comprehensive collection presents organization theory in its historical context. It includes an authoritative selection of seminal articles published since the 1960s, which exercise continuing influence on contemporary thinking about organizations.

Bewaard in:
Bibliografische gegevens
Formaat: Boek
Taal:Undetermined
Gepubliceerd in: England Penguin book 1971
Onderwerpen:
Tags: Voeg label toe
Geen labels, Wees de eerste die dit record labelt!
Thư viện lưu trữ: Trung tâm Học liệu Trường Đại học Cần Thơ
LEADER 00738nam a2200181Ia 4500
001 CTU_227699
008 210402s9999 xx 000 0 und d
082 |a 302.35 
082 |b O.68 
245 0 |a Organization theory 
245 0 |c Edited by D. S. Pugh 
260 |a England 
260 |b Penguin book 
260 |c 1971 
520 |a This comprehensive collection presents organization theory in its historical context. It includes an authoritative selection of seminal articles published since the 1960s, which exercise continuing influence on contemporary thinking about organizations. 
650 |a Tổ chức xã hội,Organizational behavior 
910 |b dqhieu 
980 |a Trung tâm Học liệu Trường Đại học Cần Thơ